Help the strong cheetah / written by Mitali ... Read More
Available copies
- 1 of 2 copies available at LARL/NWRL Consortium.
Current holds
0 current holds with 2 total copies.
Show Only Available Copies
| Location | Call Number / Copy Notes | Barcode | Shelving Location | Status | Due Date |
|---|---|---|---|---|---|
| Fosston Public Library | EASY READER E R (Text) | 33500014080923 | Main | Checked out | 05/21/2026 |
| Moorhead Public Library | EASY READER E R (Text) | 33500014080931 | Main | Available | - |
Record details
- ISBN: 9781338895056
- ISBN: 1338895052
- ISBN: 9781338895049
- ISBN: 1338895044
- Physical Description: 57 pages : color illustrations ; 19 cm.
- Edition: First edition.
- Publisher: New York : Acorn/Scholastic Inc., 2024.
Content descriptions
| General Note: | "Adventures inside the body!"--Cover. |
| Summary, etc.: | Inside Scouts Viv and Sanjay use their ability to ... Read More |
| Target Audience Note: | Ages 5-7. Scholastic, Inc. Grades K-1. Scholastic, Inc. |
Search for related items by subject
| Genre: | Science fiction. Picture books. |
Search for related items by series
| LDR | 02521cam a2200625 i 4500 | ||
|---|---|---|---|
| 001 | 448687 | ||
| 003 | LARL_NWRL_CONSORTIUM | ||
| 005 | 20241023141334.0 | ||
| 008 | 241001s2024 nyua b 000 1 eng | ||
| 010 | . | ‡a 2023036023 | |
| 040 | . | ‡aNJQ/DLC ‡beng ‡cCZA ‡erda ‡dCZA ‡dOCLCO ‡dJBI ‡dOCLCO ‡dILC | |
| 020 | . | ‡a9781338895056 ‡q(library binding) | |
| 020 | . | ‡a1338895052 ‡q(library binding) | |
| 020 | . | ‡a9781338895049 ‡q(paperback) | |
| 020 | . | ‡a1338895044 ‡q(paperback) | |
| 020 | . | ‡z9781338895063 ‡q(ebk) | |
| 035 | . | ‡a(OCoLC)1458291574 | |
| 082 | 0 | 4. | ‡a[E] ‡223 |
| 100 | 1 | . | ‡aRuths, Mitali Banerjee, ‡eauthor. ‡1https://id.oclc.org/worldcat/entity/E39PCjChywmrgjmDpRyyw47kfy |
| 245 | 1 | 0. | ‡aHelp the strong cheetah / ‡cwritten by Mitali Banerjee Ruths ; illustrated by Francesca Mahaney. |
| 246 | 3 | . | ‡aInside scouts help the strong cheetah |
| 250 | . | ‡aFirst edition. | |
| 264 | 1. | ‡aNew York : ‡bAcorn/Scholastic Inc., ‡c2024. | |
| 300 | . | ‡a57 pages : ‡bcolor illustrations ; ‡c19 cm. | |
| 336 | . | ‡atext ‡btxt ‡2rdacontent | |
| 336 | . | ‡astill image ‡bsti ‡2rdacontent | |
| 337 | . | ‡aunmediated ‡bn ‡2rdamedia | |
| 338 | . | ‡avolume ‡bnc ‡2rdacarrier | |
| 490 | 0 | . | ‡aInside scouts ; ‡v3 |
| 500 | . | ‡a"Adventures inside the body!"--Cover. | |
| 520 | . | ‡aInside Scouts Viv and Sanjay use their ability to shrink themselves to go inside Zora the Cheetah's cramped leg muscle to help it relax. Includes information on the structure of muscles, plus a visual appendix. | |
| 521 | . | ‡aAges 5-7. ‡bScholastic, Inc. | |
| 521 | . | ‡aGrades K-1. ‡bScholastic, Inc. | |
| 650 | 0. | ‡aMuscles ‡vJuvenile fiction. | |
| 650 | 0. | ‡aMuscles ‡xDiseases ‡vJuvenile fiction. | |
| 650 | 0. | ‡aCheetah ‡vJuvenile fiction. | |
| 650 | 0. | ‡aAnatomy ‡vJuvenile fiction. | |
| 650 | 1. | ‡aMuscles ‡vFiction. | |
| 650 | 1. | ‡aCheetahs ‡vFiction. | |
| 650 | 1. | ‡aCat family (Mammals) ‡vFiction. | |
| 650 | 1. | ‡aAnatomy ‡vFiction. | |
| 650 | 1. | ‡aPicture books. ‡0(LARL_NWRL_CONSORTIUM)28193 | |
| 655 | 7. | ‡aScience fiction. ‡2lcgft | |
| 655 | 7. | ‡aPicture books. ‡2lcgft | |
| 700 | 1 | . | ‡aMahaney, Francesca, ‡eillustrator. |
| 901 | . | ‡a448687 ‡bAUTOGEN ‡c448687 ‡tbiblio | |

Add to basket
Permalink
Disable Highlighting